000 00267 a2200109 4500
000 nam a22 7a 4500
020 _a9780367268763
100 _aYallup,Kevin
_9110
245 _aTechnologies for smart sensors and sensor fusion
260 _bCRC
_c2019
264 _bCRC
999 _c35996
_d35996